Man and Nature: (Record no. 1878)

MARC details
000 -LEADER
fixed length control field 007670000a22002290004500
003 - CONTROL NUMBER IDENTIFIER
control field LK-CoMWRAF
005 - DATE AND TIME OF LATEST TRANSACTION
control field 20231120125240.0
008 - FIXED-LENGTH DATA ELEMENTS--GENERAL INFORMATION
fixed length control field 230817t1976 ||||| |||| 00| 0 eng d
020 ## - INTERNATIONAL STANDARD BOOK NUMBER
International Standard Book Number 0041090136
040 ## - CATALOGING SOURCE
Original cataloging agency LK-CoMWRAF
Modifying agency LK-CoMWRAF
Description conventions LK-CoMWRAF
041 ## - LANGUAGE CODE
Language code of text/sound track or separate title English
082 ## - DEWEY DECIMAL CLASSIFICATION NUMBER
Classification number 113
Item number NAS
942 ## - ADDED ENTRY ELEMENTS (KOHA)
Koha item type Books
100 ## - MAIN ENTRY--PERSONAL NAME
Personal name Nasr, Seyyed Hossein
245 ## - TITLE STATEMENT
Title Man and Nature:
Remainder of title the spiritual crisis of modern man
260 ## - PUBLICATION, DISTRIBUTION, ETC. (IMPRINT)
Place of publication, distribution, etc. London:
Name of publisher, distributor, etc. Unwin Paperbacks,
Date of publication, distribution, etc. 1976
300 ## - PHYSICAL DESCRIPTION
Extent 151 p. ; 22 cm.
Other physical details Index included
490 ## - SERIES STATEMENT
Series statement Mandala books
856 ## - ELECTRONIC LOCATION AND ACCESS
Uniform Resource Identifier <a href="https://sufipathoflove.files.wordpress.com/2019/09/nasr-seyyed-hossein-man-and-nature-the-spiritual-crisis-of-modern-man-1991-scan-ocr.pdf">https://sufipathoflove.files.wordpress.com/2019/09/nasr-seyyed-hossein-man-and-nature-the-spiritual-crisis-of-modern-man-1991-scan-ocr.pdf</a>
650 ## - SUBJECT ADDED ENTRY--TOPICAL TERM
Topical term or geographic name as entry element PHILOSOPHICAL ANTHROPOLOGY
650 ## - SUBJECT ADDED ENTRY--TOPICAL TERM
Topical term or geographic name as entry element Philosophy of nature
Holdings
Withdrawn status Lost status Damaged status Not for loan Permanent Location Current Location Date acquired Full call number Barcode Koha item type
        Resource center, Muslim Women's Research And Action Forum Resource center, Muslim Women's Research And Action Forum 2023-08-17 113 NAS RAF1656 Books

Copyright © 2023 Muslim Women's Research and Action Forum (MWRAF), No 27/3, Anderson Road, Kalubowila, Dehiwela. Funded by The Asia Fundation